000 01035nam a2200253 i 4500
001 187006
003 SpMaBN
005 20250905144357.0
008 170327s1980 sp |||| |dspa d
020 _a84-7472-020-6
080 _a1 Alfarabi
100 1 _aGómez Nogales, Salvador.
_958077
245 1 3 _aLa política como única ciencia religiosa en al-Farabi /
_cSalvador Gómez Nogales ; prólogo de Miguel Cruz Hernández.
260 _aMadrid :
_bInstituto Hispano-Árabe de Cultura,
_c1980.
300 _aXVI, 113 p. ;
_c24 cm.
490 1 _aCuadernos del Seminario de Estudios de Filosofía y Pensamiento Islámicos ;
_v1
504 _aReferencias bibliográficas.
600 1 7 _aFarabi, Muhammad ibn Muhammad Abu Nasr al-,
_dm. 950
_2
_9162194
700 1 _aCruz Hernández, Miguel.
_941830
710 2 _aInstituto Hispano-Árabe de Cultura.
_9162165
830 1 _aCuadernos del Seminario de Estudios de Filosofía y Pensamiento Islámicos ;
_v1
_9192736
852 _aES-MaACL
_jL-31325
999 _c187006
_d187006